Szczegóły MARC21

Anglica Wratislaviensia.

001 -Numer kontrolny rekordu [,]
    • @
    • pole kontrolne
    • ee95400738
005 -Data i czas ostatniej zmiany [,]
    • @
    • Data ostatniej zmiany
    • 20250811131516.0
022 -Międzynarodowy Znormalizowany Numer Wydawnictwa Ciągłego - ISSN [ , ]
    • a
    • International Standard Serial Number
    • 0301-7966
035 -Inne numery kontrolne [ , ]
    • a
    • Numer kontrolny
    • (OCoLC)1423958567
040 -Instytucja sporządzająca opis [ , ]
    • a
    • Instytucja, która sporządziła opis (NP)
    • WR U/IZ
    • c
    • Instytucja, która sporządziła rekord (NP)
    • WR U/IZ
    • d
    • Instytucja, która zmodyfikowała rekord (P)
    • WR U/JŁ
    • d
    • Instytucja, która zmodyfikowała rekord (P)
    • KR U/DC
    • d
    • Instytucja, która zmodyfikowała rekord (P)
    • WR U/IZ
    • d
    • Instytucja, która zmodyfikowała rekord (P)
    • Ł U/RRs
    • d
    • Instytucja, która zmodyfikowała rekord (P)
    • SIEDL 001/EC
    • d
    • Instytucja, która zmodyfikowała rekord (P)
    • SIEDL 001/JT
    • d
    • Instytucja, która zmodyfikowała rekord (P)
    • POZN U/DWs
    • d
    • Instytucja, która zmodyfikowała rekord (P)
    • WA U/MFF
    • d
    • Instytucja, która zmodyfikowała rekord (P)
    • CZĘST 010/AB
041 -Język dokumentu [0, ]
    • a
    • Język tekstu (P)
    • angielski
    • b
    • Język streszczeń(P)
    • polski
942 -Rodzaj dokumentu [ , ]
    • c
    • Rodzaj dokumentu
    • Wydaw. ciągłe w tym czasopisma
998 -Inne dane NUKAT [ , ]
    • a
    • Numer systemowy
    • vtls000017722
210 -Skrót tytułu [1, ]
    • a
    • Skrót tytułu
    • Acta Universitatis Wratislaviensis., Angl. Wratisl.
222 -Tytuł kluczowy [ ,0]
    • a
    • Tytuł kluczowy
    • Acta Universitatis Wratislaviensis. Anglica Wratislaviensia
245 -Strefa tytułu i oznaczenia odpowiedzialności [0,0]
    • a
    • Tytuł
    • Anglica Wratislaviensia.
260 -Strefa adresu wydawniczego [ , ]
    • a
    • Miejsce wydania (P)
    • Wrocław :
    • b
    • Nazwa wydawcy (P)
    • Państwowe Wydawnictwo Naukowe,
    • c
    • Data wydania (P)
    • 1971-.
830 -Hasło dodatkowe serii i opisu książki wielotomowej - tytuł ujednolicony/tytuł [ ,0]
    • a
    • Tytuł ujednolicony/tytuł (NP)
    • Acta Universitatis Wratislaviensis
    • x
    • ISSN
    • 0239-6661
300 -Strefa opisu fizycznego [ , ]
    • c
    • Format (NP)
    • 24 cm.
310 -Częstotliwość [ , ]
    • a
    • Częstotliwość
    • Nieregularne
336 -Typ zawartości [ , ]
    • a
    • Termin opisujący typ zawartości
    • Tekst
    • b
    • Typ/rodzaj nośnika
    • txt
    • 2
    • Źródło (termin i kod)
    • rdacontent
337 -Typ mediów [ , ]
    • a
    • Tryb odtwarzania
    • Bez urządzenia pośredniczącego
    • b
    • Kod typu mediów
    • n
    • 2
    • Źródło (termin i kod)
    • rdamedia
338 -Typ/rodzaj nośnika [ , ]
    • a
    • Hasło opisujące typ nośnika
    • Wolumin
    • b
    • Kod typu nośnika
    • nc
    • 2
    • Źródło (termin i kod)
    • rdacarrier
362 -Strefa numeracji [0, ]
    • a
    • Strefa numeracji
    • 1 (1971)-.
490 -Strefa serii i książki wielotomowej - forma nie do wyszukiwania [1, ]
    • a
    • Tytuł (P)
    • Acta Universitatis Wratislaviensis
500 -Uwaga ogólna [ , ]
    • a
    • Uwaga ogólna (NP)
    • T. 1 oznaczony w zbiorze ogólnym Acta Universitatis Wratislaviensis jako No 146.
500 -Uwaga ogólna [ , ]
    • a
    • Uwaga ogólna (NP)
    • Od t. 60 [?]: Wydawnictwo Uniwersytetu Wrocławskiego.
530 -Uwaga dot. innej postaci fizycznej dokumentu [ , ]
    • a
    • Uwaga dot. innej postaci fizycznej dokumentu
    • Dostępne również w formie elektronicznej.
546 -Uwaga dot. języka [ , ]
    • a
    • Uwaga dot. języka
    • Tekst w języku angielskim, streszczenia w języku polskim.
610 -SUBJECT ADDED ENTRY--CORPORATE NAME [2,7]
    • a
    • Corporate name or jurisdiction name as entry element
    • Uniwersytet Wrocławski
610 -SUBJECT ADDED ENTRY--CORPORATE NAME [2,7]
    • a
    • Corporate name or jurisdiction name as entry element
    • Uniwersytet Wrocławski
650 -Hasło przedmiotowe - nazwa pospolita [ ,7]
    • a
    • Hasło przedmiotowe
    • Filologia angielska
650 -Hasło przedmiotowe - nazwa pospolita [ ,7]
    • a
    • Hasło przedmiotowe
    • Filologia angielska
655 -INDEX TERM--GENRE/FORM [ ,7]
    • a
    • Genre/form data or focus term
    • Czasopisma polskie
655 -INDEX TERM--GENRE/FORM [ ,7]
    • a
    • Genre/form data or focus term
    • Czasopisma polskie
655 -INDEX TERM--GENRE/FORM [ ,7]
    • a
    • Genre/form data or focus term
    • Czasopismo polskie
655 -INDEX TERM--GENRE/FORM [ ,7]
    • a
    • Genre/form data or focus term
    • Czasopismo naukowe
655 -INDEX TERM--GENRE/FORM [ ,7]
    • a
    • Genre/form data or focus term
    • Czasopismo filologiczne
710 -Hasło dodatkowe - nazwa ciała zbiorowego [2, ]
    • a
    • Nazwa ciała zbiorowego lub nazwa geograficzna jako pierwszy element (NP)
    • Uniwersytet Wrocławski.
710 -Hasło dodatkowe - nazwa ciała zbiorowego [2, ]
    • a
    • Nazwa ciała zbiorowego lub nazwa geograficzna jako pierwszy element (NP)
    • Państwowe Wydawnictwo Naukowe (1951-1992).
    • 4
    • Określenie rodzaju współpracy
    • pbl
710 -Hasło dodatkowe - nazwa ciała zbiorowego [2, ]
    • a
    • Nazwa ciała zbiorowego lub nazwa geograficzna jako pierwszy element (NP)
    • Uniwersytet Wrocławski.
    • b
    • Nazwa jednostki podrzędnej (P)
    • Wydawnictwo.
    • 4
    • Określenie rodzaju współpracy
    • pbl
856 -Lokalizacja i sposób dostępu do dokumentu elektronicznego [4,1]
    • u
    • URI
    • https://wuwr.pl/awr
952 -Egzemplarz [ , ]
    • a
    • Numer inwentarzowy
    • Pc.7539
    • c
    • Sygnatura
    • Ac.153
    • d
    • Lokalizacja
    • BM Biblioteka Międzywydziałowa
    • e
    • Akcesja
    • 23p8/1
    • i
    • Nr tomu wydaw.cg
    • 59 (2021)
    • p
    • Kod kreskowy
    • 2003900075398
    • r
    • Cena
    • 45.00
    • v
    • Data wprowadzenia opisu
    • 2023-01-30
    • w
    • Data inwentaryzacji
    • 2023-07-11
    • y
    • Status udostępniania
    • Tylko na miejscu
    • z
    • Sposób nabycia
952 -Egzemplarz [ , ]
    • c
    • Sygnatura
    • Ac.153
    • d
    • Lokalizacja
    • BM Biblioteka Międzywydziałowa
    • i
    • Nr tomu wydaw.cg
    • 17 (1991)
    • y
    • Status udostępniania
    • Tylko na miejscu
952 -Egzemplarz [ , ]
    • c
    • Sygnatura
    • Ac.153
    • d
    • Lokalizacja
    • BM Biblioteka Międzywydziałowa
    • i
    • Nr tomu wydaw.cg
    • 19 (1991)
    • y
    • Status udostępniania
    • Tylko na miejscu
952 -Egzemplarz [ , ]
    • c
    • Sygnatura
    • Ac.153
    • d
    • Lokalizacja
    • BM Biblioteka Międzywydziałowa
    • i
    • Nr tomu wydaw.cg
    • 21 (1991)
    • y
    • Status udostępniania
    • Tylko na miejscu
952 -Egzemplarz [ , ]
    • c
    • Sygnatura
    • Ac.153
    • d
    • Lokalizacja
    • BM Biblioteka Międzywydziałowa
    • i
    • Nr tomu wydaw.cg
    • 24 (1993)
    • y
    • Status udostępniania
    • Tylko na miejscu
952 -Egzemplarz [ , ]
    • c
    • Sygnatura
    • Ac.153
    • d
    • Lokalizacja
    • BM Biblioteka Międzywydziałowa
    • i
    • Nr tomu wydaw.cg
    • 25 (1993)
    • y
    • Status udostępniania
    • Tylko na miejscu
952 -Egzemplarz [ , ]
    • c
    • Sygnatura
    • Ac.153
    • d
    • Lokalizacja
    • BM Biblioteka Międzywydziałowa
    • i
    • Nr tomu wydaw.cg
    • 27 (1994)
    • y
    • Status udostępniania
    • Tylko na miejscu
952 -Egzemplarz [ , ]
    • c
    • Sygnatura
    • Ac.153
    • d
    • Lokalizacja
    • BM Biblioteka Międzywydziałowa
    • i
    • Nr tomu wydaw.cg
    • 30 (1995)
    • y
    • Status udostępniania
    • Tylko na miejscu
952 -Egzemplarz [ , ]
    • c
    • Sygnatura
    • Ac.153
    • d
    • Lokalizacja
    • BM Biblioteka Międzywydziałowa
    • i
    • Nr tomu wydaw.cg
    • 32 (1997)
    • y
    • Status udostępniania
    • Tylko na miejscu
952 -Egzemplarz [ , ]
    • c
    • Sygnatura
    • Ac.153
    • d
    • Lokalizacja
    • BM Biblioteka Międzywydziałowa
    • i
    • Nr tomu wydaw.cg
    • 33 (1998)
    • y
    • Status udostępniania
    • Tylko na miejscu
952 -Egzemplarz [ , ]
    • c
    • Sygnatura
    • Ac.153
    • d
    • Lokalizacja
    • BM Biblioteka Międzywydziałowa
    • i
    • Nr tomu wydaw.cg
    • 39 (2002)
    • y
    • Status udostępniania
    • Tylko na miejscu
952 -Egzemplarz [ , ]
    • c
    • Sygnatura
    • Ac.153
    • d
    • Lokalizacja
    • BM Biblioteka Międzywydziałowa
    • i
    • Nr tomu wydaw.cg
    • 43 (2005)
    • y
    • Status udostępniania
    • Tylko na miejscu
952 -Egzemplarz [ , ]
    • c
    • Sygnatura
    • Ac.153
    • d
    • Lokalizacja
    • BM Biblioteka Międzywydziałowa
    • i
    • Nr tomu wydaw.cg
    • 44 (2006)
    • y
    • Status udostępniania
    • Tylko na miejscu
952 -Egzemplarz [ , ]
    • c
    • Sygnatura
    • Ac.153
    • d
    • Lokalizacja
    • BM Biblioteka Międzywydziałowa
    • i
    • Nr tomu wydaw.cg
    • 45 (2007)
    • y
    • Status udostępniania
    • Tylko na miejscu
952 -Egzemplarz [ , ]
    • c
    • Sygnatura
    • Ac.153
    • d
    • Lokalizacja
    • BM Biblioteka Międzywydziałowa
    • i
    • Nr tomu wydaw.cg
    • 41 (2003)
    • y
    • Status udostępniania
    • Tylko na miejscu
952 -Egzemplarz [ , ]
    • c
    • Sygnatura
    • Ac.153
    • d
    • Lokalizacja
    • BM Biblioteka Międzywydziałowa
    • i
    • Nr tomu wydaw.cg
    • 42 (2004)
    • y
    • Status udostępniania
    • Tylko na miejscu
952 -Egzemplarz [ , ]
    • c
    • Sygnatura
    • Ac.153
    • d
    • Lokalizacja
    • BM Biblioteka Międzywydziałowa
    • i
    • Nr tomu wydaw.cg
    • 46 (2008)
    • y
    • Status udostępniania
    • Tylko na miejscu
952 -Egzemplarz [ , ]
    • c
    • Sygnatura
    • Ac.153
    • d
    • Lokalizacja
    • BM Biblioteka Międzywydziałowa
    • i
    • Nr tomu wydaw.cg
    • 47 (2009)
    • y
    • Status udostępniania
    • Tylko na miejscu
952 -Egzemplarz [ , ]
    • c
    • Sygnatura
    • Ac.153
    • d
    • Lokalizacja
    • BM Biblioteka Międzywydziałowa
    • i
    • Nr tomu wydaw.cg
    • 48 (2010)
    • y
    • Status udostępniania
    • Tylko na miejscu
952 -Egzemplarz [ , ]
    • c
    • Sygnatura
    • Ac.153
    • d
    • Lokalizacja
    • BM Biblioteka Międzywydziałowa
    • i
    • Nr tomu wydaw.cg
    • 49 (2011)
    • y
    • Status udostępniania
    • Tylko na miejscu
952 -Egzemplarz [ , ]
    • c
    • Sygnatura
    • Ac.153
    • d
    • Lokalizacja
    • BM Biblioteka Międzywydziałowa
    • i
    • Nr tomu wydaw.cg
    • 50 (2012)
    • y
    • Status udostępniania
    • Tylko na miejscu
952 -Egzemplarz [ , ]
    • c
    • Sygnatura
    • Ac.153
    • d
    • Lokalizacja
    • BM Biblioteka Międzywydziałowa
    • i
    • Nr tomu wydaw.cg
    • 51 (2013)
    • y
    • Status udostępniania
    • Tylko na miejscu
952 -Egzemplarz [ , ]
    • c
    • Sygnatura
    • Ac.153
    • d
    • Lokalizacja
    • BM Biblioteka Międzywydziałowa
    • i
    • Nr tomu wydaw.cg
    • 52 (2014)
    • y
    • Status udostępniania
    • Tylko na miejscu
952 -Egzemplarz [ , ]
    • c
    • Sygnatura
    • Ac.153
    • d
    • Lokalizacja
    • BM Biblioteka Międzywydziałowa
    • i
    • Nr tomu wydaw.cg
    • 53 (2015)
    • y
    • Status udostępniania
    • Tylko na miejscu
952 -Egzemplarz [ , ]
    • c
    • Sygnatura
    • Ac.153
    • d
    • Lokalizacja
    • BM Biblioteka Międzywydziałowa
    • i
    • Nr tomu wydaw.cg
    • 54 (2016)
    • y
    • Status udostępniania
    • Tylko na miejscu
952 -Egzemplarz [ , ]
    • c
    • Sygnatura
    • Ac.153
    • d
    • Lokalizacja
    • BM Biblioteka Międzywydziałowa
    • i
    • Nr tomu wydaw.cg
    • 55 (2017)
    • y
    • Status udostępniania
    • Tylko na miejscu
952 -Egzemplarz [ , ]
    • c
    • Sygnatura
    • Ac.153
    • d
    • Lokalizacja
    • BM Biblioteka Międzywydziałowa
    • i
    • Nr tomu wydaw.cg
    • 7 (1979)
    • y
    • Status udostępniania
    • Tylko na miejscu
952 -Egzemplarz [ , ]
    • c
    • Sygnatura
    • Ac.153
    • d
    • Lokalizacja
    • BM Biblioteka Międzywydziałowa
    • i
    • Nr tomu wydaw.cg
    • 56 (2018)
    • y
    • Status udostępniania
    • Tylko na miejscu
952 -Egzemplarz [ , ]
    • c
    • Sygnatura
    • Ac.153
    • d
    • Lokalizacja
    • BM Biblioteka Międzywydziałowa
    • i
    • Nr tomu wydaw.cg
    • 57 (2019)
    • y
    • Status udostępniania
    • Tylko na miejscu
952 -Egzemplarz [ , ]
    • p
    • Kod kreskowy
    • 2003900075572
    • a
    • Numer inwentarzowy
    • Pc.7557
    • c
    • Sygnatura
    • Ac.153
    • d
    • Lokalizacja
    • BM Biblioteka Międzywydziałowa
    • i
    • Nr tomu wydaw.cg
    • 58 (2020)
    • r
    • Cena
    • 45.00
    • v
    • Data wprowadzenia opisu
    • 2023-10-11
    • w
    • Data inwentaryzacji
    • 2023-10-11
    • y
    • Status udostępniania
    • Tylko na miejscu
    • z
    • Sposób nabycia
    • e
    • Akcesja
    • 23p18/25
952 -Egzemplarz [ , ]
    • a
    • Numer inwentarzowy
    • Cg.34861
    • c
    • Sygnatura
    • Cg.7515
    • g
    • Ubytek
    • 43/2023 - 2023-01-26
    • i
    • Nr tomu wydaw.cg
    • 50 (2012)
    • p
    • Kod kreskowy
    • 2003000348613
    • r
    • Cena
    • 0.00
    • v
    • Data wprowadzenia opisu
    • 2025-01-02
    • y
    • Status udostępniania
    • Niedostępne
952 -Egzemplarz [ , ]
    • a
    • Numer inwentarzowy
    • Cg.35783
    • c
    • Sygnatura
    • Cg.7515
    • d
    • Lokalizacja
    • BG Dział Udostępniania Biblioteka Główna
    • g
    • Ubytek
    • 43/2023 - 2023-01-26
    • i
    • Nr tomu wydaw.cg
    • 51 (2013)
    • p
    • Kod kreskowy
    • 2003000357837
    • r
    • Cena
    • 0.00
    • v
    • Data wprowadzenia opisu
    • 2025-01-02
    • y
    • Status udostępniania
    • Niedostępne
952 -Egzemplarz [ , ]
    • a
    • Numer inwentarzowy
    • Cg.35784
    • c
    • Sygnatura
    • Cg.7515
    • d
    • Lokalizacja
    • BG Dział Udostępniania Biblioteka Główna
    • g
    • Ubytek
    • 43/2023 - 2023-01-26
    • i
    • Nr tomu wydaw.cg
    • 52 (2014)
    • p
    • Kod kreskowy
    • 2003000357844
    • r
    • Cena
    • 0.00
    • v
    • Data wprowadzenia opisu
    • 2025-01-02
    • y
    • Status udostępniania
    • Niedostępne
952 -Egzemplarz [ , ]
    • a
    • Numer inwentarzowy
    • Cg.36711
    • c
    • Sygnatura
    • Cg.7515
    • d
    • Lokalizacja
    • BG Dział Udostępniania Biblioteka Główna
    • g
    • Ubytek
    • 43/2023 - 2023-01-26
    • i
    • Nr tomu wydaw.cg
    • 53 (2015)
    • p
    • Kod kreskowy
    • 2003000367119
    • r
    • Cena
    • 0.00
    • v
    • Data wprowadzenia opisu
    • 2025-01-02
    • y
    • Status udostępniania
    • Niedostępne
952 -Egzemplarz [ , ]
    • a
    • Numer inwentarzowy
    • Cg.37192
    • c
    • Sygnatura
    • Cg.7515
    • d
    • Lokalizacja
    • BG Dział Udostępniania Biblioteka Główna
    • g
    • Ubytek
    • 43/2023 - 2023-01-26
    • i
    • Nr tomu wydaw.cg
    • 54 (2016)
    • p
    • Kod kreskowy
    • 2003000371925
    • r
    • Cena
    • 0.00
    • v
    • Data wprowadzenia opisu
    • 2025-01-02
    • y
    • Status udostępniania
    • Niedostępne
952 -Egzemplarz [ , ]
    • a
    • Numer inwentarzowy
    • Ac.465
    • c
    • Sygnatura
    • Ac.153/40
    • d
    • Lokalizacja
    • BM Biblioteka Międzywydziałowa
    • e
    • Akcesja
    • 08k102/1
    • i
    • Nr tomu wydaw.cg
    • 40 (2003)
    • p
    • Kod kreskowy
    • 2002700004652
    • r
    • Cena
    • 8.00
    • v
    • Data wprowadzenia opisu
    • 2008-05-06
    • w
    • Data inwentaryzacji
    • 2008-09-04
    • y
    • Status udostępniania
    • Tylko na miejscu
952 -Egzemplarz [ , ]
    • a
    • Numer inwentarzowy
    • Cg.32876
    • b
    • Symbol oddziału pierwotnego
    • Opracowanie Zbiorów
    • c
    • Sygnatura
    • Cg.7515
    • d
    • Lokalizacja
    • BG Dział Udostępniania Biblioteka Główna
    • e
    • Akcesja
    • 08k102/1
    • g
    • Ubytek
    • 43/2023 - 2023-01-26
    • i
    • Nr tomu wydaw.cg
    • 40 (2003)
    • p
    • Kod kreskowy
    • 2003000328769
    • r
    • Cena
    • 8.00
    • v
    • Data wprowadzenia opisu
    • 2008-05-06
    • w
    • Data inwentaryzacji
    • 2008-09-04
    • y
    • Status udostępniania
    • Niedostępne
952 -Egzemplarz [ , ]
    • a
    • Numer inwentarzowy
    • Cg.26854
    • c
    • Sygnatura
    • Cg.7515
    • d
    • Lokalizacja
    • BG Dział Udostępniania Biblioteka Główna
    • e
    • Akcesja
    • 97k273/5
    • g
    • Ubytek
    • 43/2023 - 2023-01-26
    • i
    • Nr tomu wydaw.cg
    • 15 (1986)
    • p
    • Kod kreskowy
    • 2003000268546
    • r
    • Cena
    • 1.0
    • w
    • Data inwentaryzacji
    • 1998-04-17
    • y
    • Status udostępniania
    • Tylko na miejscu
    • z
    • Sposób nabycia
952 -Egzemplarz [ , ]
    • a
    • Numer inwentarzowy
    • Ac.168
    • c
    • Sygnatura
    • Ac.153
    • d
    • Lokalizacja
    • BM Biblioteka Międzywydziałowa
    • e
    • Akcesja
    • 97k273/5
    • i
    • Nr tomu wydaw.cg
    • 15 (1986)
    • p
    • Kod kreskowy
    • 2002700001682
    • r
    • Cena
    • 0.0
    • v
    • Data wprowadzenia opisu
    • 2018-04-11
    • w
    • Data inwentaryzacji
    • 1998-04-17
    • y
    • Status udostępniania
    • Tylko na miejscu
952 -Egzemplarz [ , ]
    • a
    • Numer inwentarzowy
    • Ac.249
    • c
    • Sygnatura
    • Ac.153/35
    • d
    • Lokalizacja
    • BM Biblioteka Międzywydziałowa
    • e
    • Akcesja
    • 99k318/1
    • i
    • Nr tomu wydaw.cg
    • 35 (1999)
    • p
    • Kod kreskowy
    • 2002700002498
    • r
    • Cena
    • 30.0
    • v
    • Data wprowadzenia opisu
    • 2020-01-23
    • w
    • Data inwentaryzacji
    • 1999-09-21
    • y
    • Status udostępniania
    • Tylko na miejscu
952 -Egzemplarz [ , ]
    • a
    • Numer inwentarzowy
    • Cg.28251
    • c
    • Sygnatura
    • Cg.7515
    • d
    • Lokalizacja
    • BG Dział Udostępniania Biblioteka Główna
    • e
    • Akcesja
    • 99k318/1
    • g
    • Ubytek
    • 43/2023 - 2023-01-26
    • i
    • Nr tomu wydaw.cg
    • 35 (1999)
    • p
    • Kod kreskowy
    • 2003000282511
    • r
    • Cena
    • 30.0
    • w
    • Data inwentaryzacji
    • 1999-09-21
    • y
    • Status udostępniania
    • Tylko na miejscu
952 -Egzemplarz [ , ]
    • a
    • Numer inwentarzowy
    • Ac.153
    • c
    • Sygnatura
    • ANG. Metodyka - gramatyka 10
    • d
    • Lokalizacja
    • BM Biblioteka Międzywydziałowa
    • e
    • Akcesja
    • 97k270/1
    • i
    • Nr tomu wydaw.cg
    • 23 (1993)
    • p
    • Kod kreskowy
    • 2002700001538
    • r
    • Cena
    • 1.50
    • v
    • Data wprowadzenia opisu
    • 2017-04-07
    • w
    • Data inwentaryzacji
    • 1998-04-15
    • y
    • Status udostępniania
    • Tylko na miejscu
952 -Egzemplarz [ , ]
    • a
    • Numer inwentarzowy
    • Cg.26798
    • c
    • Sygnatura
    • Cg.7515
    • d
    • Lokalizacja
    • BG Dział Udostępniania Biblioteka Główna
    • e
    • Akcesja
    • 97k270/1
    • g
    • Ubytek
    • 43/2023 - 2023-01-26
    • i
    • Nr tomu wydaw.cg
    • 23 (1993)
    • p
    • Kod kreskowy
    • 2003000267983
    • r
    • Cena
    • 1.5
    • v
    • Data wprowadzenia opisu
    • 2018-04-11
    • w
    • Data inwentaryzacji
    • 1998-04-15
    • y
    • Status udostępniania
    • Niedostępne
    • z
    • Sposób nabycia
952 -Egzemplarz [ , ]
    • a
    • Numer inwentarzowy
    • Cg.26858
    • c
    • Sygnatura
    • Cg.7515
    • d
    • Lokalizacja
    • BG Dział Udostępniania Biblioteka Główna
    • e
    • Akcesja
    • 97k274/3
    • g
    • Ubytek
    • 43/2023 - 2023-01-26
    • i
    • Nr tomu wydaw.cg
    • 26 (1994)
    • p
    • Kod kreskowy
    • 2003000268584
    • r
    • Cena
    • 2.6
    • w
    • Data inwentaryzacji
    • 1998-04-22
    • y
    • Status udostępniania
    • Tylko na miejscu
952 -Egzemplarz [ , ]
    • a
    • Numer inwentarzowy
    • Ac.157
    • c
    • Sygnatura
    • Ac.153/29
    • d
    • Lokalizacja
    • BM Biblioteka Międzywydziałowa
    • e
    • Akcesja
    • 97k271/4
    • i
    • Nr tomu wydaw.cg
    • 29 (1995)
    • p
    • Kod kreskowy
    • 2002700001576
    • r
    • Cena
    • 5.3
    • v
    • Data wprowadzenia opisu
    • 2020-01-23
    • w
    • Data inwentaryzacji
    • 1998-04-15
    • y
    • Status udostępniania
    • Tylko na miejscu
952 -Egzemplarz [ , ]
    • a
    • Numer inwentarzowy
    • Cg.26809
    • c
    • Sygnatura
    • Cg.7515
    • d
    • Lokalizacja
    • BG Dział Udostępniania Biblioteka Główna
    • e
    • Akcesja
    • 97k271/4
    • g
    • Ubytek
    • 43/2023 - 2023-01-26
    • i
    • Nr tomu wydaw.cg
    • 29 (1995)
    • p
    • Kod kreskowy
    • 2003000268096
    • r
    • Cena
    • 5.3
    • w
    • Data inwentaryzacji
    • 1998-04-15
    • y
    • Status udostępniania
    • Tylko na miejscu
952 -Egzemplarz [ , ]
    • a
    • Numer inwentarzowy
    • Ac.171
    • c
    • Sygnatura
    • Ac.153
    • d
    • Lokalizacja
    • BM Biblioteka Międzywydziałowa
    • e
    • Akcesja
    • 97k274/2
    • i
    • Nr tomu wydaw.cg
    • 22 (1992)
    • p
    • Kod kreskowy
    • 2002700001712
    • r
    • Cena
    • 1.5
    • w
    • Data inwentaryzacji
    • 1998-04-22
    • y
    • Status udostępniania
    • Tylko na miejscu
952 -Egzemplarz [ , ]
    • a
    • Numer inwentarzowy
    • Cg.26857
    • c
    • Sygnatura
    • Cg.7515
    • d
    • Lokalizacja
    • BG Dział Udostępniania Biblioteka Główna
    • e
    • Akcesja
    • 97k274/2
    • g
    • Ubytek
    • 43/2023 - 2023-01-26
    • i
    • Nr tomu wydaw.cg
    • 22 (1992)
    • p
    • Kod kreskowy
    • 2003000268577
    • r
    • Cena
    • 1.5
    • w
    • Data inwentaryzacji
    • 1998-04-22
    • y
    • Status udostępniania
    • Tylko na miejscu
    • z
    • Sposób nabycia
952 -Egzemplarz [ , ]
    • a
    • Numer inwentarzowy
    • Ac.159
    • c
    • Sygnatura
    • Ac.153/28
    • d
    • Lokalizacja
    • BM Biblioteka Międzywydziałowa
    • e
    • Akcesja
    • 97k271/6
    • i
    • Nr tomu wydaw.cg
    • 28 (1995)
    • p
    • Kod kreskowy
    • 2002700001590
    • r
    • Cena
    • 6.4
    • v
    • Data wprowadzenia opisu
    • 2020-01-23
    • w
    • Data inwentaryzacji
    • 1998-04-15
    • y
    • Status udostępniania
    • Tylko na miejscu
952 -Egzemplarz [ , ]
    • a
    • Numer inwentarzowy
    • Cg.26811
    • c
    • Sygnatura
    • Cg.7515
    • d
    • Lokalizacja
    • BG Dział Udostępniania Biblioteka Główna
    • e
    • Akcesja
    • 97k271/6
    • g
    • Ubytek
    • 43/2023 - 2023-01-26
    • i
    • Nr tomu wydaw.cg
    • 28 (1995)
    • p
    • Kod kreskowy
    • 2003000268119
    • r
    • Cena
    • 6.4
    • w
    • Data inwentaryzacji
    • 1998-04-15
    • y
    • Status udostępniania
    • Tylko na miejscu
952 -Egzemplarz [ , ]
    • a
    • Numer inwentarzowy
    • Cg.32941
    • c
    • Sygnatura
    • Cg.7515
    • d
    • Lokalizacja
    • BG Dział Udostępniania Biblioteka Główna
    • g
    • Ubytek
    • 43/2023 - 2023-01-26
    • i
    • Nr tomu wydaw.cg
    • 41 (2003)
    • p
    • Kod kreskowy
    • 2003000329414
    • r
    • Cena
    • 0.00
    • v
    • Data wprowadzenia opisu
    • 2025-03-04
    • y
    • Status udostępniania
    • Niedostępne
952 -Egzemplarz [ , ]
    • a
    • Numer inwentarzowy
    • Cg.32942
    • c
    • Sygnatura
    • Cg.7515
    • d
    • Lokalizacja
    • BG Dział Udostępniania Biblioteka Główna
    • g
    • Ubytek
    • 43/2023 - 2023-01-26
    • i
    • Nr tomu wydaw.cg
    • 42 (2004)
    • p
    • Kod kreskowy
    • 2003000329421
    • r
    • Cena
    • 0.00
    • v
    • Data wprowadzenia opisu
    • 2025-03-04
    • y
    • Status udostępniania
    • Niedostępne
952 -Egzemplarz [ , ]
    • a
    • Numer inwentarzowy
    • Cg.32943
    • c
    • Sygnatura
    • Cg.7515
    • d
    • Lokalizacja
    • BG Dział Udostępniania Biblioteka Główna
    • g
    • Ubytek
    • 43/2023 - 2023-01-26
    • i
    • Nr tomu wydaw.cg
    • 44 (2006)
    • p
    • Kod kreskowy
    • 2003000329438
    • r
    • Cena
    • 0.00
    • v
    • Data wprowadzenia opisu
    • 2025-03-04
    • y
    • Status udostępniania
    • Niedostępne
952 -Egzemplarz [ , ]
    • a
    • Numer inwentarzowy
    • Cg.32944
    • c
    • Sygnatura
    • Cg.7515
    • d
    • Lokalizacja
    • BG Dział Udostępniania Biblioteka Główna
    • g
    • Ubytek
    • 43/2023 - 2023-01-26
    • i
    • Nr tomu wydaw.cg
    • 45 (2007)
    • p
    • Kod kreskowy
    • 2003000329445
    • r
    • Cena
    • 0.00
    • v
    • Data wprowadzenia opisu
    • 2025-03-04
    • y
    • Status udostępniania
    • Niedostępne
952 -Egzemplarz [ , ]
    • a
    • Numer inwentarzowy
    • Cg.33775
    • c
    • Sygnatura
    • Cg.7515
    • d
    • Lokalizacja
    • BG Dział Udostępniania Biblioteka Główna
    • g
    • Ubytek
    • 43/2023 - 2023-01-26
    • i
    • Nr tomu wydaw.cg
    • 46 (2008)
    • p
    • Kod kreskowy
    • 2003000337754
    • r
    • Cena
    • 0.00
    • v
    • Data wprowadzenia opisu
    • 2025-03-04
    • y
    • Status udostępniania
    • Niedostępne
952 -Egzemplarz [ , ]
    • a
    • Numer inwentarzowy
    • Cg.34263
    • c
    • Sygnatura
    • Cg.7515
    • d
    • Lokalizacja
    • BG Dział Udostępniania Biblioteka Główna
    • g
    • Ubytek
    • 43/2023 - 2023-01-26
    • i
    • Nr tomu wydaw.cg
    • 47 (2009)
    • p
    • Kod kreskowy
    • 2003000342635
    • r
    • Cena
    • 0.00
    • v
    • Data wprowadzenia opisu
    • 2025-03-04
    • y
    • Status udostępniania
    • Niedostępne
952 -Egzemplarz [ , ]
    • a
    • Numer inwentarzowy
    • Cg.34264
    • c
    • Sygnatura
    • Cg.7515
    • d
    • Lokalizacja
    • BG Dział Udostępniania Biblioteka Główna
    • g
    • Ubytek
    • 43/2023 - 2023-01-26
    • i
    • Nr tomu wydaw.cg
    • 48 (2010)
    • p
    • Kod kreskowy
    • 2003000342642
    • r
    • Cena
    • 0.00
    • v
    • Data wprowadzenia opisu
    • 2025-03-04
    • y
    • Status udostępniania
    • Niedostępne
952 -Egzemplarz [ , ]
    • a
    • Numer inwentarzowy
    • Cg.34635
    • c
    • Sygnatura
    • Cg.7515
    • d
    • Lokalizacja
    • BG Dział Udostępniania Biblioteka Główna
    • g
    • Ubytek
    • 43/2023 - 2023-01-26
    • i
    • Nr tomu wydaw.cg
    • 49 (2011)
    • p
    • Kod kreskowy
    • 2003000346350
    • r
    • Cena
    • 0.00
    • v
    • Data wprowadzenia opisu
    • 2025-03-04
    • y
    • Status udostępniania
    • Niedostępne
952 -Egzemplarz [ , ]
    • a
    • Numer inwentarzowy
    • Ac.172
    • c
    • Sygnatura
    • Ac.153/26
    • d
    • Lokalizacja
    • BM Biblioteka Międzywydziałowa
    • e
    • Akcesja
    • 97k274/3
    • i
    • Nr tomu wydaw.cg
    • 26 (1994)
    • p
    • Kod kreskowy
    • 2002700001729
    • r
    • Cena
    • 2.6
    • v
    • Data wprowadzenia opisu
    • 2020-01-23
    • w
    • Data inwentaryzacji
    • 1998-04-22
    • y
    • Status udostępniania
    • Tylko na miejscu
Uwagi dla czytelnika
Anglistyka wrocławska wczoraj i dziś
Anglistyka wrocławska wczoraj i dziś
Denominal adjectivalization in Polish and English
Denominal adjectivalization in Polish and English
Festschrift for professor Jan Cygan on the occasion of his 70th birthday
Festschrift for professor Jan Cygan on the occasion of his 70th birthday
Grammar in a beginners' course of English
Grammar in a beginners' course of English
Shakespeare and the controversy over Baroque
The Meaning of English Modifier - Noun Combinations
The Meaning of English Modifier - Noun Combinations
The novella in England at the turn of the XIX and XX centuries
The novella in England at the turn of the XIX and XX centuries
The Realm of Personality and History
The Realm of Personality and History
Shakespeare and the controversy over Baroque